|
|
|
|
| LEADER |
00928nam a22003012a 4500 |
| 001 |
000730133 |
| 003 |
CZ BrMZK |
| 005 |
20040823215030.0 |
| 007 |
ta |
| 008 |
040823s1874 xr er|||||||||||cze d |
| 015 |
|
|
|a cnb000172392
|
| 035 |
|
|
|a (OCoLC)84923479
|
| 040 |
|
|
|a ABA001
|b cze
|d BOA001
|
| 043 |
|
|
|a e-gx---
|a e-fr---
|
| 080 |
|
|
|a 908.430
|2 MRF
|
| 080 |
|
|
|a 908.44
|2 MRF
|
| 100 |
1 |
|
|a Adámek, Karel,
|d 1840-1918
|7 jk01010079
|4 aut
|
| 245 |
1 |
0 |
|a Různé listy z cest Německem a Francií /
|c psal Karel Adámek
|
| 260 |
|
|
|a V Praze :
|b Mikuláš a Knapp,
|c 1874
|
| 300 |
|
|
|a 219 s. ;
|c 16 cm
|
| 655 |
|
7 |
|a reportáže
|7 fd133252
|2 czenas
|
| 651 |
|
7 |
|a Francie
|7 ge129152
|2 czenas
|
| 651 |
|
7 |
|a Německo
|7 ge135889
|2 czenas
|
| 910 |
|
|
|a BOA001
|b 1-0123.206
|k k
|
| 964 |
|
|
|a Bohemika - stol. 19.
|
| 990 |
|
|
|a BK
|
| 993 |
|
|
|a Y
|
| 996 |
6 |
|
|b 2619327141
|c 1-0123.206
|l MZK
|r Sklad / do 1 hodiny
|n 1
|w 000730133
|u 000010
|a 1
|e BOA001
|j MZK50
|s P
|